Catalog

Record Details

Catalog Search



Základní formy sociálních pravidel hry / Josef Pieper ; [z německého originálu přeložil Ivan Ozarčuk]

Pieper, Josef, 1904-1997 (Author). Ozarčuk, Ivan (Translator).

Summary:

Sociologický spis proti tezi o přebudování společnosti ve "společenství" prosazuje diferencovaný náhled na legitimní formy soužití.

Record details

  • ISBN: 80-85241-60-9
  • Physical Description: 61 s.
  • Edition: 1. vyd.
  • Publisher: Praha : ISE, 1994
Subject: násilí
sociální psychologie
sociologie
společnost
sociální psychologie
sociologie

Available copies

  • 2 of 2 copies available at Common Catalog SPOK.

Holds

  • 0 current holds with 2 total copies.
Show Only Available Copies
Location Call Number / Copy Notes Barcode Shelving Location Status Due Date
Jabok Library FL-3/Pi 424480001093 Odborná literatura Available -
Jabok Library FL-3/Pi 424480002594 Odborná literatura Available -

LDR 02584cam a22007817a 4500
00115113
003CZ-PrJAB
00520200205091344.0
007ta
008941027s1994 xr |||||r|||||||| ||cze|d
015 . ‡acnb000088321
020 . ‡a80-85241-60-9
035 . ‡a(CZ PrSKC)000122327
035 . ‡a(OCoLC)85653340
040 . ‡aABD027 ‡bcze ‡cABD027 ‡dABD027 ‡dABD067
0411 . ‡acze ‡hger
080 . ‡a796.01
080 . ‡a316.7
080 . ‡a14
1001 . ‡aPieper, Josef, ‡d1904-1997 ‡7jn20020404006 ‡4aut
24510. ‡aZákladní formy sociálních pravidel hry / ‡cJosef Pieper ; [z německého originálu přeložil Ivan Ozarčuk]
250 . ‡a1. vyd.
260 . ‡aPraha : ‡bISE, ‡c1994
300 . ‡a61 s.
4901 . ‡aOikúmené
520 . ‡aSociologický spis proti tezi o přebudování společnosti ve "společenství" prosazuje diferencovaný náhled na legitimní formy soužití.
65007. ‡anásilí ‡2ctt
65007. ‡asociální psychologie ‡2ctt
65007. ‡asociologie ‡2ctt
65007. ‡aspolečnost ‡2ctt
65007. ‡asociální psychologie ‡7ph116212 ‡2czenas
65007. ‡asociologie ‡7ph116198 ‡2czenas
7001 . ‡aOzarčuk, Ivan ‡4trl
7650 . ‡tGrundformen sozialer Spielregeln
830 0. ‡aOikúmené
910 . ‡aABG312
995 . ‡aska
901 . ‡a15113 ‡bCZ-PrJAB ‡c15113 ‡tbiblio

Additional Resources